| 000 | 00882nam a22002537a 4500 | ||
|---|---|---|---|
| 999 |
_c180004 _d180004 |
||
| 005 | 20210720151504.0 | ||
| 010 | _aB-740632 | ||
| 020 |
_c810.00 _a9789332901384 |
||
| 035 | _aB-740632 | ||
| 037 | _bGift | ||
| 082 | _a005.74 | ||
| 100 | _aSilberschatz, Abraham | ||
| 245 | 0 | 0 |
_aDatabase system concepts / _cby Abraham Silberschatz, Henry F. Korth [and] S. Sudarshan |
| 250 | _a6th ed. | ||
| 260 |
_aNew Delhi _bMcGraw Hill Education _c2013 |
||
| 270 |
_aP-24, Green Park Extn. _bNew Delhi _e110016 |
||
| 300 |
_axxvi,1349p. _c24cm(pbk) |
||
| 500 | _aIncludes biblographical references and index | ||
| 650 | _aDatabase management | ||
| 700 | _aKorth, Henry F. | ||
| 700 | _aSudarshan, S. | ||
| 942 |
_2ddc _cEN _mSIL _h005.74 |
||